Erraten Sie die Länder auf dem Weihnachtsbaum - Statistiken

Allgemein
  • Dieses Quiz wurde 190 mal gespielt
  • Das Durchschnittsergebnis liegt bei 15 aus 20
Antworten auf der Karte
Die Antworten werden auf der Karte rot bzw. grün angezeigt, abhängig davon wie oft sie richtig erraten wurden.
 
Antwortstatistiken
Land % Korrekt
Finnland
99%
Schweden
99%
Vereinigtes Königreich
99%
Island
98%
Kanada
95%
Vatikanstadt
95%
Tunesien
89%
Bhutan
85%
Japan | Bangladesch
82%
Barbados
77%
Armenien
76%
Australien
74%
Haiti
71%
China
66%
Eswatini
63%
Vietnam
62%
Marshallinseln
58%
Pakistan
52%
Libanon
46%
Grenada
16%
Keine übereinstimmenden Quizze gefunden
Verteilung der Resultate
Anzahl Personen mit jedem Resultat
Perzentil nach korrekt beantworteten Fragen
Ihre Resultats-Entwicklung
Sie haben dieses Quiz noch nicht gespielt